The lure of Japan
Gespeichert in:
| 1. Verfasser: | |
|---|---|
| Format: | Buch |
| Sprache: | Undetermined |
| Veröffentlicht: |
Tokyo
Board of Tourist Industry. Japanese Government Railways
1934
|
| Tags: |
Tag hinzufügen
Keine Tags, Fügen Sie den ersten Tag hinzu!
|
| Thư viện lưu trữ: | Trung tâm Học liệu Trường Đại học Cần Thơ |
|---|
| LEADER | 00468nam a2200169Ia 4500 | ||
|---|---|---|---|
| 001 | CTU_111502 | ||
| 008 | 210402s9999 xx 000 0 und d | ||
| 082 | |a 915.2 | ||
| 082 | |b A313 | ||
| 100 | |a Shunkichi, Akimoto | ||
| 245 | 4 | |a The lure of Japan | |
| 245 | 0 | |c Shunkichi Akimoto | |
| 260 | |a Tokyo | ||
| 260 | |b Board of Tourist Industry. Japanese Government Railways | ||
| 260 | |c 1934 | ||
| 904 | |i Năm | ||
| 980 | |a Trung tâm Học liệu Trường Đại học Cần Thơ | ||